Nachbarländer der Elfenbeinküste🇨🇮 - Statistiken

Allgemein
  • Dieses Quiz wurde 49 mal gespielt
  • Das Durchschnittsergebnis liegt bei 5 aus 5
Antwortstatistiken
Grenzlänge in km Nachbarland % Korrekt
545 Burkina Faso🇧🇫
100%
668 Ghana🇬🇭
98%
610 Guinea🇬🇳
93%
599 Mali🇲🇱
93%
716 Liberia🇱🇷
90%
Keine übereinstimmenden Quizze gefunden
Verteilung der Resultate
Anzahl Personen mit jedem Resultat
Perzentil nach korrekt beantworteten Fragen
Ihre Resultats-Entwicklung
Sie haben dieses Quiz noch nicht gespielt